| 000 | 00522nam a22001937a 4500 | ||
|---|---|---|---|
| 008 | 151015b xxu||||| |||| 00| 0 eng d | ||
| 020 | _a027596728X | ||
| 020 | _a0275967271 | ||
| 041 | 0 | _aeng | |
| 080 | _a316.77 | ||
| 100 | 1 | _aSilverblatt, Art. | |
| 245 | 1 | 0 |
_aMedia literacy : _cArt Silverblatt. |
| 250 | _a2nd ed. | ||
| 260 |
_c2001 _aWestport, Conn. : _bPraeger, |
||
| 300 |
_axiii, 447 f. : _bme il.; _c24 cm. |
||
| 650 | 0 | _aMedia | |
| 650 | 0 | _aLiteratura | |
| 942 |
_2udc _cBK |
||
| 999 |
_c1293 _d1293 |
||